| 000 | 00361nam a22001457a 4500 | ||
|---|---|---|---|
| 003 | MACL | ||
| 005 | 20180303124259.0 | ||
| 008 | 180303b xxu||||| |||| 00| 0 eng d | ||
| 040 | _cMACL | ||
| 100 |
_aJha,N.N. _936624 |
||
| 245 | _aNagaland the Land of Festivals | ||
| 260 |
_aAllahabad _bRini Publication _c2014 |
||
| 650 |
_aFestivals _970966 |
||
| 942 |
_2ddc _cBK |
||
| 999 |
_c57339 _d57339 |
||